All countries that controlled each century - Statistics

General Stats
  • This quiz has been taken 86 times
  • The average score is 10 of 12
Answer Stats
Hint Answer % Correct
21st century Usa
99%
20th century Usa
99%
19th century Uk
97%
18th Century Uk
97%
17th century France
93%
16th century Spain
93%
15th century Spain
93%
10th century China
89%
14th century Mongolia
57%
13th century Mongolia
57%
12th century Mongolia
57%
11th century Mongolia
57%
No matching quizzes found
Score Distribution
Percent of People with Each Score
Percentile by Number Answered
Your Score History
You have not taken this quiz